Statistics for Global Top 50 16th July 2018

Click here to take the quiz!

General Stats

  • This quiz has been taken 3 times
  • The average score is 14 of 50

Answer Stats

Song titlesArtist(s)% Correct
IN My feelingsDrake
100%
Don't Matter To me feat. Michael JacksonDrake
100%
I'm UpsetDrake
100%
Nice for WhatDrake
100%
NonstopDrake
100%
Mob TiesDrake
100%
God's PlanDrake
100%
I Like ItCardi B
67%
Shape of YouEd Sheeran
67%
Youngblood5 Seconds of Summer
33%
2002Anne-Marie
33%
No Tears Left to CryAriana Grande
33%
God is a WomanAriana Grande
33%
One Kiss with Dua LipaCalvin Harris
33%
Solo featuring Demi lovatoClean Bandit
33%
Lucid Dreams feat. bad Bunny, J BalvinJuice WRLD
33%
Girl Like You Feat Cardi BMaroon 5
33%
Rockstar feat 21 SavagePost Malone
33%
Better NowPost Malone
33%
Psycho feat. Ty Dolla SignPost Malone
33%
Back to YouSelena Gomez
33%
Jocelyn FloresXXXTENTACION
33%
ChangesXXXTENTACION
33%
Sad!XXXTENTACION
33%
MoonlightXXXTENTACION
33%
La CinturaAlvaro soler
0%
Praise the Lord ( Da Shine) feat, SkeptaASap Rocky
0%
Sin Pijama with Natti NatashaBecky G
0%
Lovely with KhalidBillie Ellish
0%
Look alive feat drakeBlocboy
0%
Summertime MagicChildish Gambino
0%
Flames with SiaDavid Guetta
0%
Never MindDennis Lloyd
0%
No es Justo with Zion & LennoxJ Balvin
0%
Rise with Jack & JackJonas Blue
0%
Born to Be Yours feat. Imagine DragonsKygo
0%
Yes Indeed feat. DrakeLil Baby
0%
Body feat BrandoLoud Luxury
0%
Friends With Anne - Mariemarshmello
0%
Ocean Feat. KhalidMartin Garrix
0%
Bed feat. Ariana GrandeNicki Minaj
0%
X -Remix feat Maluma, Ozuna, J BalvinNicky Jam
0%
X with J BalvinNicky Jam
0%
Te Bote with Bad Bunny, Casper MagicoNio Garcia
0%
Vaina Loca with manuel turizoOzuna
0%
Me Niego with wisin and Ozunareik
0%
ApeshitThe Carters
0%
Jackie Chan feat. Dzeko, Preme, Post MaloneTiesto
0%
Taste feat. OffsetTyga
0%
The Middle with Maren MorrisZedd
0%

Score Distribution

Percentile by Number Answered

Percent of People with Each Score

Your Score History

You have not taken this quiz